000 00971nam a22003017a 4500
001 4863
003 FISKH
005 20250826102538.0
008 241021b cb ||||| |||| 00| 0 eng d
020 _a9780545152112
040 _aFISKH
_beng
_cFISKH
_dFISKH
050 _aPZ7.S81712
082 _a813.6
100 _aSteffensmeier, Alexander
_d(1977-)
245 _aMillie waits for the mail /
_cAlexander Steffensmeier
250 _aFirst printing in 2009
260 _aNew York :
_bScholastic,
_c2009.
300 _a24 pages :
_bcolor illustrations ;
_c27 cm.
505 _aN
520 _aMillie the cow loves to scare the mailman and chase him off the farm, until the mailman comes up with a plan that ends up pleasing everyone.
521 8 _a530
_bLexile
521 8 _aN
_bRaz-Plus
650 _2Farm animals
_aPicture book
650 _2Funny
_aHumor
700 _aSteffensmeier, Alexander
_dIllustrator
942 _2ddc
_cBK
_n0
999 _c4863
_d4863